Enemies of the Flash Quiz Stats

Quiz not verified by Sporcle

Challenge
Share
Tweet
Embed
Score 0/19 Timer 06:00
0 Plays Today
% Correct
Zoom
97.4%
Captain Cold
97.3%
Reverse Flash
97%
Grodd
95.9%
Killer Frost
95.8%
Trickster
95.7%
King Shark
95%
Weather Wizard
94.5%
Heat Wave
94.4%
Alchemy
90.8%
% Correct
Golden Glider
88.7%
Vandal Savage
87.4%
Blackout
83.3%
Tarpit
82.2%
Sand Demon
82.2%
Turtle
80.3%
Plastique
79.8%
Girder
71%
Deathbolt
66.1%

You're not logged in!

Compare scores with friends on all Sporcle quizzes.
Sign Up with Email
OR
Log In

You Might Also Like...

Show Comments

Extras

Top Quizzes Today


Score Distribution

Your Account Isn't Verified!

In order to create a playlist on Sporcle, you need to verify the email address you used during registration. Go to your Sporcle Settings to finish the process.